000 00641nam a2200277Ia 4500
005 20260324133706.0
008 008 260324s9999 xx 000 0 eng d
020 _a9780429146497
037 _aEBOOK
040 _aCRL
040 _beng
040 _cCRL
041 _2eng
041 _aeng
084 _qCRL
100 _aDzevad Belkic
_91180759
245 0 _aPrinciples of Quantum Scattering Theory
260 _bTaylor and Francis
260 _c2003
365 _a
365 _b450
856 _uhttp://www.taylorfrancis.com/books/9780429146497
942 _cEBOOK
999 _c1793359
_d1793359